书目信息 |
| 题名: |
步入实践的沙产业:沙产业系列论文集之三
|
|
| 作者: | 刘恕 主编 | |
| 分册: | ||
| 出版信息: | 北京 中国环境科学出版社 1998.08 |
|
| 页数: | 295页 | |
| 开本: | 32开 | |
| 丛书名: | ||
| 单 册: | ||
| 中图分类: | X144-53 | |
| 科图分类: | ||
| 主题词: | 环境地学 | |
| 电子资源: | ||
| ISBN: | 7-80135-539-3 | |
| 000 | 00614nam0 2200193 45 | |
| 001 | 0011251718 | |
| 005 | 20001125172918.0 | |
| 010 | @a7-80135-539-3@d28.00元 | |
| 100 | @a20001125d1998 km y0chiy0120 ea | |
| 101 | 0 | @achi |
| 105 | @a z 000yy | |
| 200 | 1 | @a步入实践的沙产业:沙产业系列论文集之三@ABu Ru Shi Jian De Sha Chan Ye:Sha Chan Ye Xi Lie Lun Wen Ji Zhi San@f刘恕主编@FLiu Shu Zhu Bian |
| 210 | @a北京@c中国环境科学出版社@d1998.08 | |
| 215 | @a295页@d32开 | |
| 606 | 0 | @a环境地学 |
| 690 | @aX144-53@v3 | |
| 701 | 0 | @a刘恕@4主编 |
| 801 | @aCN@bPftUser@c20001125 | |
| 905 | @b504818-822@dX144-53@eL.591@f5 | |
| 步入实践的沙产业:沙产业系列论文集之三/刘恕主编.-北京:中国环境科学出版社,1998.08 |
| 295页;32开 |
| ISBN 7-80135-539-3:28.00元 |
| ● |
| 相关链接 |
|
|
|
正题名:步入实践的沙产业:沙产业系列论文集之三
索取号:X144-53/L.591
 
预约/预借
| 序号 | 登录号 | 条形码 | 馆藏地/架位号 | 状态 | 备注 |
| 1 | 504818 | 205048189 | 自科库501/501自科库 62排6列2层/ [索取号:X144-53/L.591] | 在馆 | |
| 2 | 504819 | 205048198 | 自科库501/501自科库 62排6列2层/ [索取号:X144-53/L.591] | 在馆 | |
| 3 | 504820 | 205048205 | 自科库501/501自科库 62排6列2层/ [索取号:X144-53/L.591] | 在馆 | |
| 4 | 504821 | 205048214 | 自科库501/501自科库 62排6列2层/ [索取号:X144-53/L.591] | 在馆 | |
| 5 | 504822 | 205048223 | 自科库501/501自科库 62排6列2层/ [索取号:X144-53/L.591] | 在馆 |